[Event "Turniej Blitza na II Lidze Juniorów 2018"]
[Site "Szczyrk, Poland"]
[Date "????.??.??"]
[Round "6.45"]
[White "Obrochta, Lena"]
[Black "Wolaniecki, Patryk"]
[Result "0-1"]
[TimeControl "3'+2\""]
[WhiteElo "1219"]
[BlackElo "1512"]

1. e4 {[%clk 00:03:03]} {[%emt 00:00:45]} c5 {[%clk 00:03:04]} {[%emt
00:00:01]} 2. Nc3 {[%clk 00:03:03]} {[%emt 00:00:01]} e6 {[%clk 00:03:05]}
{[%emt 00:00:02]} 3. g3 {[%clk 00:03:03]} {[%emt 00:00:02]} Nf6 {[%clk
00:03:06]} {[%emt 00:00:01]} 4. Bg2 {[%clk 00:03:04]} {[%emt 00:00:01]} d5
{[%clk 00:03:06]} {[%emt 00:00:02]} 5. d3 {[%clk 00:03:03]} {[%emt 00:00:03]}
Nc6 {[%clk 00:03:04]} {[%emt 00:00:04]} 6. Bd2 {[%clk 00:03:02]} {[%emt
00:00:02]} Be7 {[%clk 00:03:05]} {[%emt 00:00:02]} 7. Nge2 {[%clk 00:03:00]}
{[%emt 00:00:03]} O-O {[%clk 00:03:05]} {[%emt 00:00:02]} 8. O-O {[%clk
00:03:00]} {[%emt 00:00:02]} d4 {[%clk 00:03:03]} {[%emt 00:00:05]} 9. Nb1
{[%clk 00:03:01]} {[%emt 00:00:01]} e5 {[%clk 00:03:04]} {[%emt 00:00:01]} 10.
f4 {[%clk 00:03:01]} {[%emt 00:00:02]} Nd7 {[%clk 00:03:05]} {[%emt 00:00:01]}
11. f5 {[%clk 00:02:59]} {[%emt 00:00:03]} f6 {[%clk 00:03:05]} {[%emt
00:00:02]} 12. c3 {[%clk 00:03:00]} {[%emt 00:00:02]} b5 {[%clk 00:03:02]}
{[%emt 00:00:05]} 13. cxd4 {[%clk 00:02:49]} {[%emt 00:00:12]} Nxd4 {[%clk
00:02:52]} {[%emt 00:00:12]} 14. Nxd4 {[%clk 00:02:49]} {[%emt 00:00:01]} cxd4
{[%clk 00:02:53]} {[%emt 00:00:01]} 15. Be1 {[%clk 00:02:45]} {[%emt 00:00:06]}
b4 {[%clk 00:02:51]} {[%emt 00:00:06]} 16. Nd2 {[%clk 00:02:45]} {[%emt
00:00:01]} a5 {[%clk 00:02:50]} {[%emt 00:00:03]} 17. Qh5 {[%clk 00:02:44]}
{[%emt 00:00:03]} Qe8 {[%clk 00:02:44]} {[%emt 00:00:09]} 18. Qe2 {[%clk
00:02:41]} {[%emt 00:00:03]} Ba6 {[%clk 00:02:45]} {[%emt 00:00:03]} 19. Nf3
{[%clk 00:02:34]} {[%emt 00:00:08]} Nc5 {[%clk 00:02:44]} {[%emt 00:00:03]} 20.
Rd1 {[%clk 00:02:29]} {[%emt 00:00:07]} Qf7 {[%clk 00:02:45]} {[%emt 00:00:02]}
21. b3 {[%clk 00:02:28]} {[%emt 00:00:03]} Rfc8 {[%clk 00:02:42]} {[%emt
00:00:05]} 22. Bf2 {[%clk 00:02:18]} {[%emt 00:00:11]} Nb7 {[%clk 00:02:36]}
{[%emt 00:00:09]} 23. Rc1 {[%clk 00:02:16]} {[%emt 00:00:04]} Nd6 {[%clk
00:02:37]} {[%emt 00:00:01]} 24. Rfd1 {[%clk 00:02:11]} {[%emt 00:00:06]} Nb5
{[%clk 00:02:37]} {[%emt 00:00:02]} 25. Rd2 {[%clk 00:02:05]} {[%emt 00:00:08]}
Nc3 {[%clk 00:02:37]} {[%emt 00:00:03]} 26. Qe1 {[%clk 00:02:02]} {[%emt
00:00:04]} Bb5 {[%clk 00:02:38]} {[%emt 00:00:02]} 27. Bf1 {[%clk 00:02:00]}
{[%emt 00:00:03]} Ra7 {[%clk 00:02:37]} {[%emt 00:00:04]} 28. Rdc2 {[%clk
00:01:56]} {[%emt 00:00:05]} Bf8 {[%clk 00:02:35]} {[%emt 00:00:04]} 29. Nd2
{[%clk 00:01:55]} {[%emt 00:00:03]} Rca8 {[%clk 00:02:36]} {[%emt 00:00:02]} 30.
Nc4 {[%clk 00:01:55]} {[%emt 00:00:02]} Bxc4 {[%clk 00:02:28]} {[%emt
00:00:10]} 31. bxc4 {[%clk 00:01:52]} {[%emt 00:00:04]} a4 {[%clk 00:02:29]} 32.
Rb2 {[%clk 00:01:48]} {[%emt 00:00:06]} Rb8 {[%clk 00:02:25]} {[%emt 00:00:06]}
33. Be2 {[%clk 00:01:26]} {[%emt 00:00:24]} b3 {[%clk 00:02:26]} {[%emt
00:00:02]} 34. axb3 {[%clk 00:01:15]} {[%emt 00:00:13]} axb3 {[%emt 00:00:01]}
35. Bd1 {[%clk 00:01:13]} {[%emt 00:00:03]} Rab7 {[%clk 00:02:16]} {[%emt
00:00:14]} 36. Ra1 {[%clk 00:01:09]} {[%emt 00:00:05]} Bb4 {[%clk 00:02:13]}
{[%emt 00:00:05]} 37. Qf1 {[%clk 00:01:05]} {[%emt 00:00:05]} Nxd1 {[%clk
00:02:01]} {[%emt 00:00:16]} 38. Qxd1 {[%clk 00:01:03]} {[%emt 00:00:04]} Bc3
{[%clk 00:02:02]} {[%emt 00:00:01]} 39. Rab1 {[%clk 00:00:45]} {[%emt
00:00:19]} Bxb2 {[%clk 00:02:01]} {[%emt 00:00:03]} 40. Rxb2 {[%clk 00:00:46]}
Qe7 {[%clk 00:02:02]} {[%emt 00:00:01]} 41. Qb1 {[%clk 00:00:45]} {[%emt
00:00:04]} Qa3 {[%clk 00:01:49]} {[%emt 00:00:15]} 42. Be1 {[%clk 00:00:44]}
{[%emt 00:00:02]} Ra8 {[%clk 00:01:49]} {[%emt 00:00:03]} 43. Bd2 {[%clk
00:00:33]} {[%emt 00:00:13]} Qa1 {[%clk 00:01:50]} 44. Kf2 {[%clk 00:00:27]}
{[%emt 00:00:07]} Qxb1 45. Rxb1 {[%clk 00:00:28]} b2 {[%clk 00:01:49]} 46. Ke2
{[%clk 00:00:21]} {[%emt 00:00:09]} Ra1 {[%clk 00:01:48]} {[%emt 00:00:03]} 47.
Rxa1 {[%clk 00:00:12]} {[%emt 00:00:12]} bxa1=Q {[%clk 00:01:48]} {[%emt
00:00:02]} 48. h3 {[%clk 00:00:12]} {[%emt 00:00:01]} Rb2 {[%clk 00:01:45]}
{[%emt 00:00:05]} 49. g4 {[%clk 00:00:12]} {[%emt 00:00:02]} Qa2 {[%clk
00:01:46]} {[%emt 00:00:01]} 50. Kf1 {[%clk 00:00:11]} {[%emt 00:00:02]} Rxd2
{[%clk 00:01:47]} {[%emt 00:00:02]} 51. g5 {[%clk 00:00:12]} {[%emt 00:00:01]}
Rd1# {[%clk 00:01:48]} {[%emt 00:00:01]} 0-1

[Event "Turniej Blitza na II Lidze Juniorów 2018"]
[Site "Szczyrk, Poland"]
[Date "????.??.??"]
[Round "6.7"]
[White "Paprocki, Antoni"]
[Black "Luczak, Filip"]
[Result "0-1"]
[TimeControl "3'+2\""]
[BlackTitle "CM"]
[WhiteElo "1570"]
[BlackElo "1935"]

1. e4 c5 2. Nf3 {[%clk 00:03:04]} e6 {[%clk 00:03:05]} {[%emt 00:00:01]} 3. d4
{[%clk 00:03:05]} cxd4 {[%clk 00:03:06]} {[%emt 00:00:02]} 4. Nxd4 {[%clk
00:03:07]} Nc6 {[%clk 00:03:08]} 5. Nc3 {[%clk 00:03:07]} {[%emt 00:00:02]} Qc7
{[%clk 00:03:06]} {[%emt 00:00:04]} 6. Be3 {[%emt 00:00:01]} a6 7. Be2 {[%clk
00:03:06]} {[%emt 00:00:02]} Nf6 {[%clk 00:03:08]} {[%emt 00:00:01]} 8. a3
{[%clk 00:03:07]} {[%emt 00:00:02]} Be7 {[%clk 00:02:46]} {[%emt 00:00:24]} 9.
O-O {[%clk 00:03:07]} {[%emt 00:00:01]} O-O {[%clk 00:02:47]} {[%emt 00:00:03]}
10. Kh1 {[%clk 00:03:06]} {[%emt 00:00:03]} d6 {[%clk 00:02:36]} {[%emt
00:00:12]} 11. f4 {[%clk 00:03:07]} {[%emt 00:00:02]} b5 {[%clk 00:02:37]} 12.
Bf3 {[%clk 00:03:05]} {[%emt 00:00:03]} Bb7 {[%clk 00:02:27]} {[%emt 00:00:13]}
13. Qe1 {[%clk 00:03:03]} {[%emt 00:00:04]} Na5 {[%clk 00:02:15]} {[%emt
00:00:14]} 14. Qg3 {[%clk 00:03:01]} {[%emt 00:00:03]} Nc4 {[%clk 00:02:16]}
{[%emt 00:00:02]} 15. Bc1 {[%clk 00:03:02]} Qb6 {[%clk 00:02:08]} {[%emt
00:00:10]} 16. Nde2 {[%clk 00:02:53]} {[%emt 00:00:12]} Ne3 {[%clk 00:02:00]}
{[%emt 00:00:09]} 17. Bxe3 {[%clk 00:02:45]} {[%emt 00:00:10]} Qxe3 {[%clk
00:02:00]} {[%emt 00:00:02]} 18. Qf2 {[%clk 00:02:43]} {[%emt 00:00:03]} Qxf2
{[%clk 00:02:00]} {[%emt 00:00:04]} 19. Rxf2 {[%clk 00:02:43]} {[%emt
00:00:01]} Rac8 {[%clk 00:01:58]} {[%emt 00:00:04]} 20. Rd1 {[%clk 00:02:36]}
{[%emt 00:00:10]} Ba8 {[%clk 00:01:47]} {[%emt 00:00:13]} 21. Nd4 {[%clk
00:02:34]} {[%emt 00:00:03]} Rc7 {[%clk 00:01:41]} {[%emt 00:00:07]} 22. Rfd2
{[%clk 00:02:23]} {[%emt 00:00:14]} Rfc8 {[%clk 00:01:41]} {[%emt 00:00:02]} 23.
Nb3 {[%clk 00:02:06]} {[%emt 00:00:19]} Nd7 {[%clk 00:01:23]} {[%emt 00:00:20]}
24. Rd3 {[%clk 00:01:37]} {[%emt 00:00:31]} Nb6 {[%clk 00:01:18]} {[%emt
00:00:08]} 25. Nd2 {[%clk 00:01:33]} {[%emt 00:00:05]} Bc6 {[%clk 00:01:01]}
{[%emt 00:00:19]} 26. Ne2 {[%clk 00:01:08]} {[%emt 00:00:28]} g6 {[%clk
00:00:54]} {[%emt 00:00:08]} 27. c3 {[%clk 00:01:07]} {[%emt 00:00:03]} Bb7
{[%clk 00:00:44]} {[%emt 00:00:13]} 28. Rb1 {[%clk 00:00:41]} {[%emt 00:00:28]}
e5 {[%clk 00:00:22]} {[%emt 00:00:23]} 29. Bg4 {[%clk 00:00:37]} {[%emt
00:00:06]} Rb8 {[%clk 00:00:12]} {[%emt 00:00:12]} 30. f5 {[%clk 00:00:32]}
{[%emt 00:00:08]} d5 {[%clk 00:00:13]} {[%emt 00:00:01]} 31. fxg6 {[%clk
00:00:25]} {[%emt 00:00:09]} hxg6 {[%clk 00:00:14]} 32. exd5 {[%clk 00:00:16]}
{[%emt 00:00:11]} f5 {[%clk 00:00:12]} {[%emt 00:00:04]} 33. Bf3 {[%clk
00:00:06]} {[%emt 00:00:12]} e4 {[%clk 00:00:12]} {[%emt 00:00:01]} 34. Nxe4
{[%clk 00:00:06]} {[%emt 00:00:02]} fxe4 {[%clk 00:00:13]} {[%emt 00:00:01]} 35.
Bxe4 {[%clk 00:00:07]} Rd8 {[%clk 00:00:12]} {[%emt 00:00:03]} 36. Rbd1 {[%clk
00:00:08]} {[%emt 00:00:01]} Rcd7 {[%clk 00:00:12]} {[%emt 00:00:02]} 37. Bxg6
{[%clk 00:00:09]} {[%emt 00:00:01]} Rxd5 {[%clk 00:00:12]} {[%emt 00:00:03]} 38.
Nd4 {[%clk 00:00:08]} {[%emt 00:00:02]} Bf6 {[%clk 00:00:09]} {[%emt 00:00:05]}
39. Rg3 {[%clk 00:00:08]} {[%emt 00:00:03]} Rg5 {[%clk 00:00:09]} {[%emt
00:00:01]} 40. Rxg5 {[%clk 00:00:08]} {[%emt 00:00:02]} Bxg5 {[%clk 00:00:11]}
41. Bf5 {[%clk 00:00:07]} {[%emt 00:00:04]} Bf6 {[%clk 00:00:11]} {[%emt
00:00:02]} 42. Kg1 {[%clk 00:00:05]} {[%emt 00:00:03]} Bxd4+ {[%clk 00:00:11]}
{[%emt 00:00:02]} 43. cxd4 {[%clk 00:00:06]} Nc4 {[%clk 00:00:11]} {[%emt
00:00:01]} 44. Be6+ {[%clk 00:00:06]} {[%emt 00:00:03]} Kg7 {[%clk 00:00:12]}
{[%emt 00:00:01]} 45. Bxc4 {[%clk 00:00:07]} {[%emt 00:00:02]} bxc4 {[%clk
00:00:14]} 46. Kf2 {[%clk 00:00:04]} {[%emt 00:00:04]} Be4 {[%clk 00:00:13]}
{[%emt 00:00:03]} 47. Kg3 {[%clk 00:00:03]} {[%emt 00:00:03]} Bd3 {[%clk
00:00:13]} {[%emt 00:00:02]} 48. Re1 {[%clk 00:00:03]} {[%emt 00:00:02]} Rxd4
{[%clk 00:00:12]} {[%emt 00:00:03]} 49. Re7+ {[%clk 00:00:04]} {[%emt
00:00:01]} Kf6 {[%clk 00:00:14]} 50. Ra7 {[%clk 00:00:05]} Rd6 {[%clk
00:00:14]} {[%emt 00:00:01]} 51. Rc7 {[%clk 00:00:05]} {[%emt 00:00:02]} Rb6
{[%clk 00:00:15]} 52. Rc5 {[%clk 00:00:04]} {[%emt 00:00:03]} Rxb2 {[%clk
00:00:16]} {[%emt 00:00:01]} 53. Rc6+ {[%clk 00:00:06]} Ke5 {[%clk 00:00:16]}
{[%emt 00:00:02]} 54. Rxa6 {[%clk 00:00:07]} {[%emt 00:00:01]} c3 {[%clk
00:00:16]} {[%emt 00:00:03]} 55. Rc6 {[%clk 00:00:07]} {[%emt 00:00:01]} Kd4
{[%clk 00:00:16]} {[%emt 00:00:02]} 56. Kf3 {[%clk 00:00:08]} {[%emt 00:00:02]}
Rb5 {[%clk 00:00:11]} {[%emt 00:00:06]} 57. Rd6+ {[%clk 00:00:05]} {[%emt
00:00:05]} Rd5 {[%clk 00:00:12]} {[%emt 00:00:01]} 58. Rc6 {[%clk 00:00:06]}
{[%emt 00:00:01]} c2 {[%clk 00:00:11]} {[%emt 00:00:03]} 59. g4 {[%clk
00:00:06]} {[%emt 00:00:02]} Rc5 {[%clk 00:00:12]} 60. Rd6+ {[%clk 00:00:07]}
{[%emt 00:00:02]} Ke5 {[%clk 00:00:13]} {[%emt 00:00:01]} 61. Rxd3 {[%clk
00:00:07]} {[%emt 00:00:03]} c1=Q {[%clk 00:00:13]} {[%emt 00:00:01]} 62. Re3+
{[%clk 00:00:07]} {[%emt 00:00:02]} Kf6 {[%clk 00:00:14]} 63. h4 {[%clk
00:00:07]} {[%emt 00:00:02]} Qf1+ {[%clk 00:00:14]} {[%emt 00:00:01]} 64. Kg3
{[%clk 00:00:08]} {[%emt 00:00:02]} Qg1+ {[%clk 00:00:14]} {[%emt 00:00:03]} 65.
Kf3 {[%clk 00:00:08]} {[%emt 00:00:01]} Rc2 {[%clk 00:00:14]} {[%emt 00:00:02]}
66. g5+ {[%clk 00:00:07]} {[%emt 00:00:03]} Kf5 {[%clk 00:00:16]} {[%emt
00:00:01]} 0-1

[Event "Turniej Blitza na II Lidze Juniorów 2018"]
[Site "Szczyrk, Poland"]
[Date "????.??.??"]
[Round "6.37"]
[White "Tkaczyk, Weronika"]
[Black "Sadzikowski, Marian"]
[Result "1/2-1/2"]
[TimeControl "3'+2\""]
[WhiteElo "1430"]
[BlackElo "1706"]

1. e4 {[%clk 00:03:02]} {[%emt 00:00:02]} b6 {[%clk 00:03:04]} {[%emt
00:00:01]} 2. Nf3 {[%emt 00:00:01]} Bb7 {[%emt 00:00:01]} 3. Nc3 {[%emt
00:00:01]} e6 {[%emt 00:00:01]} 4. d4 {[%clk 00:03:03]} Bb4 {[%clk 00:03:08]}
{[%emt 00:00:01]} 5. Bd3 {[%clk 00:03:02]} {[%emt 00:00:02]} Nf6 {[%clk
00:03:08]} {[%emt 00:00:03]} 6. Qe2 {[%clk 00:03:00]} {[%emt 00:00:03]} h6
{[%clk 00:03:06]} {[%emt 00:00:05]} 7. Bd2 {[%clk 00:03:01]} d5 {[%clk
00:03:02]} {[%emt 00:00:06]} 8. e5 {[%clk 00:03:01]} {[%emt 00:00:02]} Nfd7
{[%clk 00:03:03]} 9. a3 {[%clk 00:03:02]} Be7 {[%clk 00:03:03]} {[%emt
00:00:02]} 10. O-O {[%clk 00:03:01]} {[%emt 00:00:03]} c5 {[%clk 00:03:04]}
{[%emt 00:00:01]} 11. dxc5 {[%clk 00:03:00]} {[%emt 00:00:03]} Nxc5 {[%clk
00:03:02]} {[%emt 00:00:04]} 12. Bb5+ {[%clk 00:02:56]} {[%emt 00:00:06]} Bc6
{[%clk 00:03:03]} {[%emt 00:00:01]} 13. Bxc6+ {[%clk 00:02:56]} {[%emt
00:00:02]} Nxc6 {[%clk 00:03:04]} 14. b4 {[%clk 00:02:54]} {[%emt 00:00:04]}
Nd7 {[%clk 00:02:59]} {[%emt 00:00:06]} 15. Na2 {[%clk 00:02:49]} {[%emt
00:00:07]} O-O {[%clk 00:02:57]} {[%emt 00:00:04]} 16. Rac1 {[%clk 00:02:50]}
Rc8 {[%clk 00:02:55]} {[%emt 00:00:04]} 17. c4 {[%clk 00:02:51]} {[%emt
00:00:02]} d4 {[%clk 00:02:49]} {[%emt 00:00:08]} 18. Qe4 {[%clk 00:02:47]}
{[%emt 00:00:06]} Qc7 {[%clk 00:02:44]} {[%emt 00:00:07]} 19. Nxd4 {[%clk
00:02:44]} {[%emt 00:00:04]} Ncxe5 {[%clk 00:02:30]} {[%emt 00:00:17]} 20. Nb5
{[%clk 00:02:34]} {[%emt 00:00:12]} Qc6 {[%clk 00:02:22]} {[%emt 00:00:10]} 21.
Qxc6 Nxc6 {[%clk 00:02:23]} 22. Rfd1 {[%clk 00:02:27]} {[%emt 00:00:03]} Rfd8
{[%clk 00:02:20]} {[%emt 00:00:06]} 23. Be3 {[%clk 00:02:23]} {[%emt 00:00:06]}
a6 {[%clk 00:02:20]} {[%emt 00:00:02]} 24. Nd4 {[%clk 00:02:19]} {[%emt
00:00:05]} Bf6 {[%clk 00:02:09]} {[%emt 00:00:14]} 25. Nxc6 {[%clk 00:02:17]}
{[%emt 00:00:03]} Rxc6 {[%clk 00:02:10]} {[%emt 00:00:02]} 26. Rd2 {[%clk
00:02:10]} {[%emt 00:00:08]} Ne5 {[%clk 00:02:09]} {[%emt 00:00:04]} 27. Rxd8+
Bxd8 {[%clk 00:02:10]} 28. c5 {[%clk 00:02:05]} {[%emt 00:00:03]} bxc5 {[%clk
00:02:03]} {[%emt 00:00:10]} 29. Bxc5 {[%clk 00:02:04]} {[%emt 00:00:02]} Nd3
{[%clk 00:02:01]} {[%emt 00:00:04]} 30. Rd1 {[%clk 00:01:57]} {[%emt 00:00:09]}
a5 {[%clk 00:01:43]} {[%emt 00:00:21]} 31. Rxd3 {[%clk 00:01:55]} {[%emt
00:00:03]} Bf6 {[%clk 00:01:44]} {[%emt 00:00:02]} 32. Rd6 {[%clk 00:01:51]}
{[%emt 00:00:06]} Rc7 {[%clk 00:01:42]} {[%emt 00:00:05]} 33. g3 {[%clk
00:01:46]} {[%emt 00:00:06]} Be7 {[%clk 00:01:42]} {[%emt 00:00:02]} 34. Ra6
{[%clk 00:01:41]} {[%emt 00:00:06]} Bxc5 {[%clk 00:01:42]} {[%emt 00:00:03]} 35.
bxc5 {[%clk 00:01:42]} {[%emt 00:00:01]} Rxc5 {[%clk 00:01:43]} {[%emt
00:00:01]} 36. Rd6 {[%clk 00:01:35]} {[%emt 00:00:07]} Rc2 {[%clk 00:01:43]}
{[%emt 00:00:04]} 37. Nb4 {[%clk 00:01:24]} {[%emt 00:00:11]} axb4 {[%clk
00:01:44]} {[%emt 00:00:04]} 38. axb4 {[%clk 00:01:24]} {[%emt 00:00:01]} Rb2
{[%clk 00:01:42]} {[%emt 00:00:03]} 39. Rb6 {[%clk 00:01:25]} {[%emt 00:00:02]}
g5 {[%clk 00:01:41]} {[%emt 00:00:03]} 40. Kg2 {[%clk 00:01:25]} {[%emt
00:00:02]} Kg7 {[%clk 00:01:42]} {[%emt 00:00:01]} 41. Kf3 {[%clk 00:01:26]}
Kf6 {[%clk 00:01:44]} {[%emt 00:00:01]} 42. Ke3 {[%clk 00:01:24]} {[%emt
00:00:02]} Ke5 {[%clk 00:01:39]} {[%emt 00:00:06]} 43. Rb7 {[%clk 00:01:23]}
{[%emt 00:00:04]} f5 {[%clk 00:01:37]} {[%emt 00:00:04]} 44. b5 {[%clk
00:01:23]} {[%emt 00:00:03]} Rb3+ {[%clk 00:01:37]} {[%emt 00:00:02]} 45. Ke2
{[%clk 00:01:22]} {[%emt 00:00:03]} f4 {[%clk 00:01:33]} {[%emt 00:00:06]} 46.
gxf4+ {[%clk 00:01:22]} {[%emt 00:00:02]} gxf4 {[%clk 00:01:34]} {[%emt
00:00:01]} 47. b6 {[%clk 00:01:14]} {[%emt 00:00:11]} f3+ {[%clk 00:01:26]}
{[%emt 00:00:09]} 48. Kd2 {[%clk 00:01:13]} {[%emt 00:00:02]} Ke4 {[%clk
00:01:20]} {[%emt 00:00:08]} 49. Rb8 {[%clk 00:01:13]} {[%emt 00:00:03]} e5
{[%clk 00:01:21]} 50. b7 {[%clk 00:01:12]} {[%emt 00:00:02]} Rb2+ {[%clk
00:01:21]} {[%emt 00:00:03]} 51. Ke1 {[%clk 00:01:10]} {[%emt 00:00:03]} h5
{[%clk 00:01:11]} {[%emt 00:00:13]} 52. h4 {[%clk 00:00:58]} {[%emt 00:00:13]}
Rb1+ {[%clk 00:00:43]} {[%emt 00:00:31]} 53. Kd2 {[%clk 00:00:59]} {[%emt
00:00:01]} Rb2+ {[%clk 00:00:44]} 54. Ke1 {[%clk 00:00:56]} {[%emt 00:00:05]}
Rb6 {[%clk 00:00:38]} {[%emt 00:00:08]} 55. Rh8 {[%clk 00:00:43]} {[%emt
00:00:14]} Rxb7 {[%clk 00:00:39]} {[%emt 00:00:02]} 56. Rxh5 {[%clk 00:00:43]}
{[%emt 00:00:02]} Rb2 {[%clk 00:00:32]} {[%emt 00:00:09]} 57. Rh8 {[%clk
00:00:39]} {[%emt 00:00:05]} Kd3 {[%clk 00:00:30]} {[%emt 00:00:05]} 58. Rd8+
{[%clk 00:00:39]} {[%emt 00:00:02]} Ke4 {[%clk 00:00:31]} {[%emt 00:00:01]} 59.
h5 {[%clk 00:00:39]} {[%emt 00:00:02]} Rb1+ {[%clk 00:00:32]} 60. Kd2 {[%clk
00:00:39]} {[%emt 00:00:01]} Rh1 {[%clk 00:00:32]} {[%emt 00:00:02]} 61. Rh8
{[%clk 00:00:37]} {[%emt 00:00:04]} Rh2 {[%clk 00:00:31]} {[%emt 00:00:04]} 62.
Ke1 {[%clk 00:00:37]} Kd3 {[%clk 00:00:29]} {[%emt 00:00:04]} 63. Rd8+ {[%clk
00:00:38]} {[%emt 00:00:02]} Ke4 {[%clk 00:00:31]} 64. Rh8 {[%clk 00:00:36]}
{[%emt 00:00:03]} Kf5 {[%clk 00:00:32]} {[%emt 00:00:02]} 65. h6 {[%clk
00:00:32]} {[%emt 00:00:05]} Kg6 {[%clk 00:00:32]} {[%emt 00:00:02]} 66. Rf8
{[%clk 00:00:25]} {[%emt 00:00:08]} e4 {[%clk 00:00:32]} {[%emt 00:00:04]} 67.
Re8 {[%clk 00:00:23]} {[%emt 00:00:03]} Rh4 {[%clk 00:00:32]} {[%emt 00:00:02]}
68. Re6+ {[%clk 00:00:20]} {[%emt 00:00:05]} Kf5 {[%clk 00:00:27]} {[%emt
00:00:08]} 69. Re8 {[%clk 00:00:15]} {[%emt 00:00:07]} Rxh6 {[%clk 00:00:27]}
{[%emt 00:00:02]} 70. Rf8+ {[%clk 00:00:15]} Ke5 {[%clk 00:00:26]} {[%emt
00:00:04]} 71. Kd2 {[%clk 00:00:16]} Rd6+ {[%clk 00:00:27]} {[%emt 00:00:01]}
72. Ke1 {[%clk 00:00:16]} {[%emt 00:00:01]} Kd4 {[%clk 00:00:26]} {[%emt
00:00:04]} 73. Kd2 {[%clk 00:00:15]} {[%emt 00:00:03]} Ke5+ {[%clk 00:00:24]}
{[%emt 00:00:05]} 74. Re8+ {[%clk 00:00:14]} {[%emt 00:00:02]} Kd4 {[%clk
00:00:23]} {[%emt 00:00:03]} 75. Re7 {[%clk 00:00:13]} {[%emt 00:00:03]} Ra6
{[%clk 00:00:23]} {[%emt 00:00:03]} 76. Rd7+ {[%clk 00:00:14]} Ke5 {[%clk
00:00:24]} {[%emt 00:00:01]} 77. Re7+ {[%clk 00:00:12]} {[%emt 00:00:03]} Kf5
{[%clk 00:00:24]} {[%emt 00:00:02]} 78. Rf7+ {[%clk 00:00:13]} {[%emt
00:00:01]} Ke6 {[%clk 00:00:25]} {[%emt 00:00:01]} 79. Rh7 {[%clk 00:00:11]}
{[%emt 00:00:03]} Ra2+ {[%clk 00:00:21]} {[%emt 00:00:08]} 80. Ke3 {[%clk
00:00:12]} Re2+ {[%clk 00:00:21]} {[%emt 00:00:02]} 81. Kf4 {[%clk 00:00:11]}
{[%emt 00:00:02]} Kd5 {[%clk 00:00:19]} {[%emt 00:00:05]} 82. Rd7+ {[%clk
00:00:11]} {[%emt 00:00:01]} Kc4 {[%clk 00:00:21]} {[%emt 00:00:01]} 83. Rc7+
{[%clk 00:00:10]} {[%emt 00:00:03]} Kd3 {[%clk 00:00:21]} {[%emt 00:00:02]} 84.
Rd7+ {[%clk 00:00:11]} Kc2 {[%clk 00:00:22]} {[%emt 00:00:01]} 85. Re7 {[%clk
00:00:10]} {[%emt 00:00:03]} Kd3 {[%clk 00:00:19]} {[%emt 00:00:06]} 86. Rd7+
{[%clk 00:00:10]} {[%emt 00:00:01]} Kc4 {[%clk 00:00:16]} {[%emt 00:00:04]} 87.
Re7 {[%clk 00:00:11]} {[%emt 00:00:01]} Kd5 {[%clk 00:00:18]} 88. Rd7+ {[%clk
00:00:12]} {[%emt 00:00:01]} Ke6 {[%clk 00:00:18]} {[%emt 00:00:02]} 89. Rd4
{[%clk 00:00:12]} {[%emt 00:00:02]} e3 {[%clk 00:00:16]} {[%emt 00:00:05]} 90.
Re4+ {[%clk 00:00:12]} {[%emt 00:00:02]} Kd5 {[%clk 00:00:13]} {[%emt
00:00:05]} 91. Rxe3 {[%clk 00:00:10]} {[%emt 00:00:03]} Rxf2 {[%clk 00:00:10]}
{[%emt 00:00:05]} 92. Rxf3 {[%clk 00:00:10]} {[%emt 00:00:02]} 1/2-1/2